000
00246nam a2200097Ia 4500
001
688034
005
20250826161607.0
008
250824s9999 xx 000 0 und d
245
0
_a
KIRIK HANÇER
_c
AHMET YILMAZ BOYUNAĞA
260
_b
TİMAŞ YAYINLARI
999
_c
688034
_d
688034